• 首页
  • 本馆介绍
  • 公告通知
  • 最新文献
  • 馆藏检索
  • 电子资源
  • 读者导购
  • 参考咨询
  • 我的图书馆
  • 登录
  • 详细信息显示
  • 放入我的书架
  • 预约/预借图书
  • 作者相关作品
  • 分类相关作品
  • 丛书相关作品
  • 出版社相关作品

书目信息

  • 表格格式
  • 工作单格式
  • 卡片格式
书名: Kenkyusha's new Japanese-English dictionary
作者: Koh Masuda, general editor.
分册号:
分册名:
出版地: Tokyo :
 
出版社: Kenkyusha
出版时间: 1974.
页数: xiii, 2110 p. ;
开本: 26 cm.
丛书名:
中图分类号:
科图分类号:
其他分类号: H366
主题词:
电子资源:
000 00878cam 2200301 a 4500
001 E0733986738
003 CAL
005 20070302162846.32
008 740812s1974 ja d 00000 eng
010    @a 74173947
040    @cPUL
041 0  @aeng@ajpn
050 00 @aPL679@b.K4 1974
082    @a495.6/3/21
090    @aJ596.168/W3/1974
090    @aH366
093    @aH366
099    @dH366@ex124
245 00 @aKenkyusha's new Japanese-English dictionary / @cKoh Masuda, general editor.
250    @a4th ed.
260    @aTokyo :@bKenkyusha,@c1974.
300    @axiii, 2110 p. ;@c26 cm.
500    @aJapanese title in colophon: Kenkyusha shin Wa-Ei daijiten.
650  0 @aJapanese language@vDictionaries@xEnglish.
700 1  @aMasuda, Ko,@d1890-
740 0  @aNew Japanese-English dictionary.
920    @a232010@z2
998    @aPUL
    
    Kenkyusha's new Japanese-English dictionary / / Koh Masuda, general editor.-4th ed.-Tokyo : : Kenkyusha, , 1974.
    xiii, 2110 p. ; ; 26 cm.
    Japanese title in colophon: Kenkyusha shin Wa-Ei daijiten.
    
    ISBN
    
●
相关链接 在E读中查询图书 在五车中查询图书 在当当中查询图书 在豆瓣中查询图书


正题名:Kenkyusha's new Japanese-English dictionary     索取号:H366/x124         预约/预借

序号 登录号 条形码 馆藏地/架位号 状态 备注
1 1598   001305778   第四借阅区/ [索取号:H366/x124] 在馆    
2 48136   001305732   第四借阅区/ [索取号:H366/x124] 在馆    
唐山师范学院图书馆 欢迎您!
大连网信软件有限公司© 版权所有